01066nam a2200205 i 4500001000700000003000900007005001700016007000300033008004100036100003600077245030300113260005400416300002000470505008600490650004600576650004700622852002300669999001900692952014900711113624ES-MaACL20250817180322.0t|061121m19231927sp r ||||1| spa d1 aPalau y Dulcet, Antonio.98850610aManual del librero hispano-americano b: inventario bibliográfico de la producción científica y literaria de España y de la América Latina desde la invención de la imprenta hasta nuestros días : con el valor comercial de todos los artículos descritos / cpor Antonio Palau y Dulcet. aBarcelona : bLibrería Anticuaria, c1923-1927. a7 v. ; c27 cm.8 aContiene: t. 1. A-B t. 2. C-CH t. 3. D-G t. 4. H-LL t. 5. M-O t. 6. P-S t. 7. T-Z07aBibliografías españolas2embne910523 4aBibliografías hispanoamericanas.9149482 aES-MaACLjA-845-51 c113624d113624 00102udc40708Biblioteca_profesional aATENEOMbATENEOMcDEPO1d2008-01-17l0oA-845-51p1118501r2023-02-23 00:00:00w2023-02-23yMONOGRAFIA